| 000 | 00443cam a2200181ua 4500 | ||
|---|---|---|---|
| 020 | _c15.00 | ||
| 041 |
_aeng _h |
||
| 082 |
_a624.1821 _bVAZ/ST |
||
| 100 | _aVazirami, V N . | ||
| 245 |
_aSteel structures vol-3 / _cV M Vazirami. _hTextual Documents |
||
| 260 |
_aDelhi : _bKhanna publishers , _c1968. |
||
| 300 | _a502 ; . | ||
| 365 | _a15.00 | ||
| 504 | _a | ||
| 700 | 1 | _aRatwani, M M . | |
| 942 | _cBK | ||
| 999 |
_c10400 _d10400 |
||